| 000 | 00437nam a2200169 a 4500 | ||
|---|---|---|---|
| 005 | 20140310183201.0 | ||
| 008 | 021217s19uu xx 00 eng d | ||
| 020 | _a0373980027 | ||
| 050 |
_aPZ 4 _b.Eb16 1987 |
||
| 100 | _aEbisch, Glen. | ||
| 245 |
_aLou Dunlop : _bprivate eye / _cGlen Ebisch. |
||
| 260 |
_aNew York ; _bCrosswinds, _c1987. |
||
| 300 |
_a157 p. : _c18 cm. |
||
| 650 | _aFiction. | ||
| 942 |
_cBK _2lcc |
||
| 999 |
_c19869 _d19869 |
||